| 000 | | | 04082nmc2a22000003x 450 |
| 001 | | | 54e7f941-db6b-495f-86e7-378a7fa88045 |
| 005 | | | 20210128095611.0 |
| 100 | ## | $a | 20190911l19051911k l0rusy0189 ca |
| 101 | 0# | $a | rus |
| 102 | ## | $a | RU |
| 200 | 1# | $a | Дело о языке преподавания в учебных заведениях девяти западных губерний |
| | $j | 30 июня 1905 г. - 4 января 1911 г. |
| 251 | ## | $c | Дело |
| 300 | ## | $a | Дело |
| 300 | ## | $a | Ориг. заголовок дела: Дело по вопросу о языке преподавания в начальных училищах девяти западных губерний. 30 июня 1905 г. - 4 января 1911 г |
| 801 | #0 | $a | RU |
| | $b | РГИА |
| | $c | 20190911 |
| | $g | RCR |
| 801 | #1 | $a | RU |
| | $b | ГлавНИВЦ |
| | $c | 20190911 |
| | $2 | rusmarc |
| 801 | #2 | $a | RU |
| | $b | ПБ им. Б.Н. Ельцина |
| | $c | 20210128 |
| | $g | RCR |
| | $2 | rusmarc |
| 850 | ## | $a | РГИА |
| 852 | ## | $a | РГИА |
| | $e | Федеральное казенное учреждение "Российский государственный исторический архив" (РГИА) |
| | $j | 27 |
| 937 | ## | $h | РГИА |
| | $d | 12324215 |
| | $a | ASBIBLIO_SCAN |
| 462 | #0 | $1 | 00129968983-ece1-4fc5-96fc-cd1556eb6b58 |
| | $1 | 2001 |
| | $a | Департамент народного просвещения |
| | $1 | 251 |
| | $c | Опись |
| | $1 | 852 |
| | $j | 173 |
| 461 | #0 | $1 | 001a74412a3-3cc5-4d21-8f0a-dfe2fbd9e72d |
| | $1 | 2001 |
| | $a | Департамент народного просвещения Министерства народного просвещения (1803-1917) |
| | $1 | 251 |
| | $c | Фонд |
| | $1 | 852 |
| | $j | 733 |
| 215 | ## | $a | 249 л. |
| | $d | 36,5х26 см |
| 371 | ## | $a | Документ не является опубликованным и широко распространяемым |
| 105 | ## | $a | y### |
| 122 | 2# | $a | d |
| 517 | 1# | $a | Дело по вопросу о языке преподавания в начальных училищах девяти западных губерний. 30 июня 1905 г. - 4 января 1911 г |
| 035 | ## | $a | 54e7f941-db6b-495f-86e7-378a7fa88045 |
| 856 | ## | $u | http://readingroom.main.prlib.ru/item.aspx?id_node=n155522952&mode=full |